UBT Library

Bridge to Algebra/ (Record no. 413)

000 -LEADER
fixed length control field 00468nam a22001817a 4500
005 - DATE AND TIME OF LATEST TRANSACTION
control field 20140310090814.0
008 - FIXED-LENGTH DATA ELEMENTS--GENERAL INFORMATION
fixed length control field 140310b xxu||||| |||| 00| 0 eng d
020 ## - INTERNATIONAL STANDARD BOOK NUMBER
International Standard Book Number 9781934800003
080 ## - UNIVERSAL DECIMAL CLASSIFICATION NUMBER
Universal Decimal Classification number 512.1
245 ## - TITLE STATEMENT
Title Bridge to Algebra/
250 ## -
-- 1 st. ed.;
260 ## -
-- America
-- Carnegie Learning
-- 2008
300 ## -
-- 571 f.:
-- me il.;
-- 27 cm
500 ## -
-- Përfshin indeksin ([568-571])
650 ## -
-- Algjebra Elementare
650 ## -
-- Ushtrime
942 ## - ADDED ENTRY ELEMENTS (KOHA)
Source of classification or shelving scheme
Item type Books
Holdings
Withdrawn status Lost status Source of classification or shelving scheme Damaged status Not for loan Collection code Permanent location Current location Shelving location Date acquired Total Checkouts Full call number Barcode Date last seen Price effective from Koha item type
          Koleksioni i përgjithshem UBT - Ferizaj UBT - Ferizaj Koleksioni i përgjithshem 03/10/2014   512.1 "BRI" 003000109 03/10/2014 03/10/2014 Books
          Koleksioni i përgjithshem UBT - Ferizaj UBT - Ferizaj Koleksioni i përgjithshem 03/10/2014   512.1 "BRI" 003000110 03/10/2014 03/10/2014 Books
          Koleksioni i përgjithshem UBT - Ferizaj UBT - Ferizaj Koleksioni i përgjithshem 03/10/2014   512.1 "BRI" 003000111 03/10/2014 03/10/2014 Books
          Koleksioni i përgjithshem UBT - Ferizaj UBT - Ferizaj Koleksioni i përgjithshem 03/10/2014   512.1 "BRI" 003000112 03/10/2014 03/10/2014 Books
          Koleksioni i përgjithshem UBT - Lipjan UBT - Lipjan Koleksioni i përgjithshem 10/09/2015   512.1 BRI 002-008608 08/22/2017 10/09/2015 Books
          Koleksioni i përgjithshem UBT - Lipjan UBT - Lipjan Koleksioni i përgjithshem 10/09/2015   512.1 BRI 002-008609 10/09/2015 10/09/2015 Books
          Koleksioni i përgjithshem UBT - Lipjan UBT - Lipjan Koleksioni i përgjithshem 12/04/2015   512.1 BRI 002-008669 12/04/2015 12/04/2015 Books
          Koleksioni i përgjithshem UBT - Lipjan UBT - Lipjan Koleksioni i përgjithshem 08/22/2017   512.1 "BRI" 002-297211 08/22/2017 08/22/2017 Books
UBT Library © 2015-2024. All rights reserved University Education for Business and Technology